Quality assurance and quality management in pharmaceutical industry (Record no. 25797)

MARC details
000 -LEADER
fixed length control field 00511nam a2200169Ia 4500
008 - FIXED-LENGTH DATA ELEMENTS--GENERAL INFORMATION
fixed length control field 230917s9999||||xx |||||||||||||| ||und||
020 ## - ISBN
Price RS495
040 ## - CATALOGING SOURCE
-- 245364
Original cataloging agency VIVEKANANDA LIBRARY
041 ## - Language
-- English
082 ## - DDC NUMBER
Classification number 615.19 A57Q
100 ## - MAIN ENTRY--PERSONAL NAME
Personal name Anjaneyulu, Y
245 #0 - TITLE STATEMENT
Title Quality assurance and quality management in pharmaceutical industry
260 ## - PUBLICATION, DISTRIBUTION, ETC. (IMPRINT)
Place of publication, distribution, etc Hyderabad
Name of publisher, distributor, etc PharmaMed Press
Date of publication, distribution, etc 2017
300 ## - PHYSICAL DESCRIPTION
Pages xv, 362 p.
500 ## - GENERAL NOTE
General note 3029 29/01/2018 RBP18/68931 09/02/2018 Pharmaceutical Sciences (Non- Plan)
942 ## - ADDED ENTRY ELEMENTS (KOHA)
Koha item type Books
Holdings
Withdrawn status Lost status Damaged status Not for loan Location (home branch) Sublocation or collection (holding branch) Date acquired Koha issues (times borrowed) Koha full call number Accession No. Koha date last seen Koha item type
        VIVEKANANDA LIBRARY VIVEKANANDA LIBRARY 21/02/2018   615.19 A57Q 371462 17/09/2023 Books
        VIVEKANANDA LIBRARY VIVEKANANDA LIBRARY 21/02/2018 1 615.19 A57Q 371463 03/04/2025 Books
        VIVEKANANDA LIBRARY VIVEKANANDA LIBRARY 21/02/2018   615.19 A57Q 371464 17/09/2023 Books
        VIVEKANANDA LIBRARY VIVEKANANDA LIBRARY 21/02/2018   615.19 A57Q 371465 17/09/2023 Books
© Designed and Maintained by Vivekananda Library, MDU Rohtak